| 000 | 00867nam a22002057a 4500 | ||
|---|---|---|---|
| 999 |
_c15418 _d15418 |
||
| 003 | AR-CdUCM | ||
| 008 | 190427b ||||| |||| 00| 0 spa d | ||
| 040 |
_aMUNICIPALIDAD PROVINCIAL DEL CUSCO _cBIBLIOTECA MUNICIPAL DEL CUSCO |
||
| 082 |
_a980.01 / _bA18 |
||
| 100 |
_aAcosta, José de _923549 |
||
| 245 |
_aHistoria natural y moral de las Indias : _ben que se tratan de las cosas notables del cielo, elementos, metales, plantas y animales dellas, y los ritos, y ceremonias, leyes y gobierno de los indios / |
||
| 260 |
_aMéxico, D.F : _bFondo de Cultura Económica, _c1940. |
||
| 300 |
_a638 páginas ; _c23 cm. |
||
| 505 | _aContenido: Libro primero -- Libro segundo -- Libro tercero... | ||
| 650 |
_aCiencias naturales _910176 |
||
| 650 |
_aAmérica Latina _91130 |
||
| 650 |
_aDescripciones y viajes _9497 |
||
| 942 |
_2ddc _cLIBROS |
||
| 945 |
_adavv _d27/04/2019 |
||